000 00731nam a22002297a 4500
003 OSt
005 20260421021008.0
008 250707b |||||||| |||| 00| 0 eng d
020 _a9780323353168
040 _aDWCL - Main lib
_cOC
082 _aCirc. 610.7365 H685w 2017
100 _aHockerberry , Marilyn J.
245 _aWong's essential of pediatric nursing/
_cMarilyn J. Hockerberry
250 _aTenth edition.
260 _aSt. Louis, Missouri :
_b Elsevier,
_cc2017.
300 _axv, 1041 pages :
_b illustrations (color) ;
_c 28 cm.
504 _aIncludes index
650 _a1. Pediatric nursing.
700 _aDavid Wilson
700 _aCheryl C. Rogers
942 _2ddc
_cBK-CIRC
_eTenth edition.
_kCirc.
_n0
999 _c3415
_d3415